000 00280nam a22001217a 4500
082 _a158
_bBRA/B
100 _aBRAGDON, ALLEN D.
245 _aBUILDING LEFT BRAIN POWER
260 _aNEW DELHI
_bVIVA BOOKS
300 _a311
650 _aPERSONALITY DEVELOPMENT
_zDELHI
942 _cBK
999 _c5144
_d5144